000
00313nam a22001337a 4500
008
170331b xxu||||| |||| 00| 0 eng d
020
_a
2900803607919
041
_a
eng
080
_a
617
100
_a
8
101
_a
SHM
245
_a
EVALUATION OF ORTHOPEDIC AND ATHLETIC INJURES
_c
STARKEY..CH
942
_2
udc
_c
BK
999
_c
9347
_d
9347